000 00547nam a2200169 i 4500
001 79116
003 ES-MaACL
005 20230906173913.0
007 t|
008 041019s1972 sp ||||1| spa d
100 1 _aHernández Claumarchirant, Venancio.
_962910
245 1 0 _aDiscursos zamoranos y otras palabras /
_cVenancio Hernández Claumarchirant ; prólogo de Carlos Pinilla Turiño.
260 _a[S.l. :
_bs.n.,
_c1972]
300 _a114 p. ;
_c23 cm.
700 1 _aPinilla Turiño, Carlos.
_992142
852 _aES-MaACL
_jC-43329
_bR.81648
999 _c79116
_d79116